Supervisory management for the continuing education of the professional manager

Guardado en:
Detalles Bibliográficos
Formato: Seriadas
Lenguaje:inglés
Publicado: New York The American Management Association 1974
Etiquetas: Agregar Etiqueta
Sin Etiquetas, Sea el primero en etiquetar este registro!

MARC

LEADER 00000nas2a22000001 4500
001 0021168
005 20250730114412.3
041 0 |a eng 
044 |a US 
245 1 0 |a Supervisory management  |b for the continuing education of the professional manager 
264 1 |a New York  |b The American Management Association  |c 1974 
300 |a 1 zv. 
773 0 |w eu_un_cat*0021166